| 000 | 00967nam a2200265Ia 4500 | ||
|---|---|---|---|
| 003 | OSt | ||
| 005 | 20220927105747.0 | ||
| 006 | a|||||r|||| 00| 0 | ||
| 007 | ta | ||
| 008 | 220926b |||||||| |||| 00| 0 eng d | ||
| 024 | _a205640 | ||
| 037 | _cReference Collections | ||
| 040 |
_aRTL _cRTL _beng |
||
| 041 |
_2eng _aeng |
||
| 082 | _a"Sigma sn2, Q6/GD" | ||
| 100 |
_a"INDIA, STATISTICS AND PROGRAMME IMPLEMENTATION (M/o-)" _9374816 |
||
| 110 |
_a"INDIA, STATISTICS AND PROGRAMME IMPLEMENTATION (M/o-)" _9374817 |
||
| 245 | 0 |
_aNational Sample Survey _b" NSS 71th Round (Jan-June, 2014)" |
|
| 260 |
_aNew _b"Delhi, Govt. Press, " _c2016 |
||
| 300 |
_axiv; +various pg. _ccm. |
||
| 490 | _vNSS Report no.575 (71/25.2/1) | ||
| 700 |
_a"INDIA, STATISTICS AND PROGRAMME IMPLEMENTATION (M/o-)" _9374816 |
||
| 942 |
_h"Sigma sn2, Q6/GD" _cCC |
||
| 999 |
_c694467 _d694467 |
||